[Event "GER-chT U16"]
[Site "Bensdorf"]
[Date "2001.12.27"]
[Round "2.3"]
[White "Ghassemi, Missagh"]
[Black "Wolf, Peter"]
[Result "1/2-1/2"]
[WhiteElo "1552"]
[BlackElo "1292"]
[PlyCount "109"]
[EventDate "2001.12.??"]
[EventType "team"]
[EventRounds "7"]
[EventCountry "GER"]
[SourceTitle "EXT 2003"]
[Source "ChessBase"]
[SourceDate "2002.11.25"]
[SourceVersion "1"]
[SourceVersionDate "2002.11.25"]
[SourceQuality "1"]

1. e4 e5 2. Nf3 Nc6 3. Bc4 Nf6 4. Nc3 Bc5 5. d3 h6 6. 0-0 0-0 7. Be3 Bb6 8. Qd2 Ng4 9. h3 Nxe3 10. fxe3 d6 11. Kh1 Na5 12. Bb3 Nxb3 13. axb3 c6 14. d4 f6 15. Rad1 Bc7 16. Rf2 a5 17. Ne2 b5 18. Ng3 Qe8 19. Nh4 Bd8 20. Ngf5 Bc7 21. Ng6 Rf7 22. Ngh4 Kh7 23. Ng3 Bd7 24. Qe2 Qc8 25. Qh5 Be8 26. Ngf5 Rd7 27. Qg4 g6 28. Ng3 Bd8 29. Rdf1 Rg7 30. Qe2 Qe6 31. Qd3 Bf7 32. Rd1 Qe8 33. Nf3 b4 34. Nh2 Be6 35. Qe2 Bc8 36. Ng4 h5 37. Nxf6+ Bxf6 38. Rxf6 d5 39. exd5 cxd5 40. Rdf1 Raa7 41. Qf3 e4 42. Qf4 Be6 43. Qd6 Rae7 44. c3 Qd7 45. Qxd7 Bxd7 46. Ra6 Bb5 47. Rxa5 Bxf1 48. Nxf1 Rgf7 49. Nd2 Rf2 50. Nb1 Rxb2 51. Ra1 Rf7 52. Kg1 Rff2 53. cxb4 Rxg2+ 54. Kf1 Rgf2+ 55. Kg1 1/2-1/2